| 000 | 01749cam a22004094a 4500 | ||
|---|---|---|---|
| 001 | 3380 | ||
| 003 | BD-DhEWU | ||
| 005 | 20181220161124.0 | ||
| 008 | 020730s2002 nyua g b 001 0 eng | ||
| 010 | _a12875828 | ||
| 020 | _a0470844175 | ||
| 020 | _a9780470844175 | ||
| 035 | _a(OCoLC) 49206306 | ||
| 040 |
_aDLC _cDLC _dDLC _dBD-DhEWU _beng |
||
| 041 | _aeng | ||
| 050 | 0 | 0 |
_aTK5103.592.W38 _bL57 2002 |
| 082 | 0 | 0 |
_a004.678 _bLII 2002 |
| 100 | 1 |
_aLiu, Kevin H. _91858 |
|
| 245 | 1 | 0 |
_aIP over WDM / _cKevin H. Liu. |
| 260 |
_aChichester : _bJ. Wiley, _cc2002. |
||
| 300 |
_axxiii, 389 p. : _bill. ; _c25 cm. |
||
| 504 | _aIncludes bibliographical references and index. | ||
| 520 | _aFocusing on IP over WDM optical networks, this book summarizes the fundamental mechanisms and the development and deployment of WDM optical networks. It provides information on both the network and the software architectures needed to implement WDM enabled optical networks designed to transport IP traffic. | ||
| 526 | _aCSE | ||
| 590 | _aShaharima Parvin | ||
| 650 | 7 |
_aWavelength division multiplexing. _91859 _2SLSH |
|
| 650 | 7 |
_aTCP/IP (Computer network protocol) _91860 _2SLSH |
|
| 650 | 7 |
_aFiber optics. _91861 _2SLSH |
|
| 856 | 4 | 2 |
_3Publisher description _uhttp://www.loc.gov/catdir/description/wiley036/2002028073.html |
| 856 | 4 | 1 |
_3Table of contents _uhttp://www.loc.gov/catdir/toc/wiley031/2002028073.html |
| 856 | 4 | 2 |
_3Book review (E-STREAMS) _uhttp://www.e-streams.com/es0701/es0701_2964.html |
| 856 | 4 | 2 |
_3WorldCat details _uhttp://www.worldcat.org/title/ip-over-wdm/oclc/49206306&referer=brief_results |
| 856 | 4 | 0 |
_3Ebook Fulltext _uhttp://lib.ewubd.edu/ebook/3380 |
| 942 |
_2ddc _cTEXT |
||
| 999 |
_c3380 _d3380 |
||
| 999 |
_c3380 _d3380 |
||
| 999 |
_c3380 _d3380 |
||